Fußballspielern Vereine zuordnen - Statistiken

Allgemein
  • Dieses Quiz wurde 232 mal gespielt
  • Das Durchschnittsergebnis liegt bei 53 aus 90
Antwortstatistiken
Frage Kachel Select % Korrekt
Cristiano Ronaldo Al-Ettifaq Nein
99%
Cristiano Ronaldo Al-Ittihad Nein
98%
Cristiano Ronaldo FC Arsenal Nein
98%
Cristiano Ronaldo FC Porto Nein
98%
Cristiano Ronaldo Manchester City Nein
97%
Cristiano Ronaldo Al-Nassr Ja
96%
Cristiano Ronaldo Benfica Lissabon Nein
95%
Zlatan Ibrahimovic Feyenoord Rotterdam Nein
95%
Zlatan Ibrahimovic Real Madrid Nein
95%
Zlatan Ibrahimovic AC Mailand Ja
93%
Leonardo Bonucci Hertha BSC Nein
93%
Cristiano Ronaldo Manchester United Ja
88%
Leonardo Bonucci Sampdoria Genua Nein
87%
Leonardo Bonucci Galatasaray Istanbul Nein
85%
Leonardo Bonucci Juventus Turin Ja
85%
Didier Drogba FC Arsenal Nein
83%
Cristiano Ronaldo Sporting Lissabon Ja
81%
Didier Drogba FC Chelsea Ja
80%
Leonardo Bonucci Besiktas Istanbul Nein
79%
Zlatan Ibrahimovic FC Barcelona Ja
79%
Didier Drogba Girondins Bordeaux Nein
78%
Leonardo Bonucci Union Berlin Ja
76%
Zlatan Ibrahimovic Ajax Amsterdam Ja
73%
Justin Kluivert Plymouth Argyle Nein
73%
Carlos Tevez Slavia Prag Nein
73%
Kevin-Prince Boateng Hertha BSC Ja
72%
Didier Drogba Olympique Lyon Nein
72%
Carlos Tevez Fluminense Rio de Janeiro Nein
70%
Justin Kluivert Lazio Rom Nein
70%
Ivica Olic FC Augsburg Nein
69%
Zlatan Ibrahimovic Inter Mailand Ja
69%
Ivica Olic Alemannia Aachen Nein
67%
Carlos Tevez FC Shenzhen Nein
67%
Ivica Olic Fortuna Düsseldorf Nein
67%
Zlatan Ibrahimovic IFK Göteborg Nein
67%
Carlos Tevez Leicester City Nein
67%
Ivica Olic TSG Hoffenheim Nein
66%
Justin Kluivert PEC Zwolle Nein
65%
Justin Kluivert Real Sociedad Nein
65%
Marko Marin FC Valenciennes Nein
62%
Justin Kluivert TSG Hoffenheim Nein
62%
Ivica Olic Bayern München Ja
60%
Carlos Tevez Flamengo Rio de Janeiro Nein
59%
Marko Marin Werder Bremen Ja
59%
Marko Marin Borussia Dortmund Nein
58%
Carlos Tevez Boca Juniors Ja
57%
Kevin-Prince Boateng FC Barcelona Ja
57%
Ivica Olic Hamburger SV Ja
57%
Carlos Tevez River Plate Nein
57%
Kevin-Prince Boateng Schalke 04 Ja
57%
Mathieu Valbuena AEK Larnaka Nein
56%
Kevin-Prince Boateng AC Mailand Ja
55%
Mathieu Valbuena Aris Limassol Nein
55%
Carlos Tevez Newcastle United Nein
55%
Mathieu Valbuena AEK Athen Nein
54%
Marko Marin FC Chelsea Ja
53%
Justin Kluivert AS Rom Ja
52%
Zlatan Ibrahimovic Juventus Turin Ja
51%
Leonardo Bonucci AC Mailand Ja
50%
Mathieu Valbuena PAOK Thessaloniki Nein
50%
Marko Marin Partizan Belgrad Nein
50%
Ivica Olic VfL Wolfsburg Ja
50%
Didier Drogba FC Shenzhen Nein
49%
Carlos Tevez Guangzhou FC Nein
48%
Leonardo Bonucci Fenerbahce Istanbul Ja
47%
Zlatan Ibrahimovic Los Angeles FC Nein
47%
Marko Marin FC Valencia Nein
46%
Marko Marin Roter Stern Belgrad Ja
46%
Mathieu Valbuena APOEL Nikosia Nein
45%
Mathieu Valbuena Olympique Marseille Ja
39%
Mathieu Valbuena Olympiakos Piräus Ja
38%
Didier Drogba Olympique Marseille Ja
37%
Kevin-Prince Boateng Borussia Dortmund Ja
36%
Kevin-Prince Boateng AC Florenz Ja
35%
Justin Kluivert OGC Nizza Ja
34%
Kevin-Prince Boateng Sassuolo Calcio Ja
33%
Kevin-Prince Boateng Tottenham Hotspurs Ja
33%
Kevin-Prince Boateng AC Monza Ja
32%
Justin Kluivert FC Bournemouth Ja
31%
Marko Marin Trabzonspor Ja
30%
Mathieu Valbuena Olympique Lyon Ja
24%
Marko Marin RSC Anderlecht Ja
24%
Ivica Olic 1860 München Ja
23%
Didier Drogba EA Guingamp Ja
22%
Justin Kluivert PSV Eindhoven Nein
18%
Ivica Olic Hertha BSC Ja
17%
Didier Drogba Arizona United Ja
15%
Didier Drogba SH Shenua Ja
15%
Leonardo Bonucci Inter Mailand Ja
13%
Mathieu Valbuena Apollon Limassol Ja
8%
Keine übereinstimmenden Quizze gefunden
Verteilung der Resultate
Anzahl Personen mit jedem Resultat
Perzentil nach korrekt beantworteten Fragen
Ihre Resultats-Entwicklung
Sie haben dieses Quiz noch nicht gespielt